000
00318nam a2200133Ia 4500
008
150201s2007 xx 000 0 und d
082
_a
615
_b
P07S
100
_a
SHARMA,HL
245
_a
PRINCIPLES OF PHARMACOLOGY
250
_a
1ST
260
_b
PARAS MED
_a
HYDERABAD
_c
2007
650
_a
PHARMACOLOGY
942
_2
ddc
_c
BK
_0
8
999
_c
933
_d
933